000
00262nam a2200121Ia 4500
008
190216s9999||||xx |||||||||||||| ||und||
100
_a
Wright M G
245
0
_a
Financial Management
260
_b
Null
_c
1964
300
_a
291p
650
_a
Commerce
942
_c
BK
999
_c
4632
_d
4632